| 000 -LEADER |
| fixed length control field |
01142nam a22002777 4500 |
| 003 - CONTROL NUMBER IDENTIFIER |
| control field |
AR-BaISA |
| 005 - DATE AND TIME OF LATEST TRANSACTION |
| control field |
20220523181950.0 |
| 007 - PHYSICAL DESCRIPTION FIXED FIELD--GENERAL INFORMATION |
| fixed length control field |
ta |
| 008 - FIXED-LENGTH DATA ELEMENTS--GENERAL INFORMATION |
| fixed length control field |
220523s2021 sp ado|| |||| 001 0 spa d |
| 020 ## - INTERNATIONAL STANDARD BOOK NUMBER |
| International Standard Book Number |
9788490228227 |
| 040 ## - CATALOGING SOURCE |
| Language of cataloging |
spa |
| Transcribing agency |
AR-BaISA |
| 082 04 - DEWEY DECIMAL CLASSIFICATION NUMBER |
| Edition number |
22 |
| Classification number |
616.028 N527 |
| 245 00 - TITLE STATEMENT |
| Title |
Enfermo crítico y emergencias / |
| Statement of responsibility, etc. |
directores editoriales José M.ª Nicolás, Javier Ruiz, y Xavier Jimenéz |
| 250 ## - EDITION STATEMENT |
| Edition statement |
2ª ed. |
| 260 ## - PUBLICATION, DISTRIBUTION, ETC. |
| Place of publication, distribution, etc. |
Barcelona: |
| Name of publisher, distributor, etc. |
Elsevier, |
| Date of publication, distribution, etc. |
2021 |
| 300 ## - PHYSICAL DESCRIPTION |
| Extent |
XLX, 1073 p.: |
| Other physical details |
il., fotos, gráfs., tablas |
| 504 ## - BIBLIOGRAPHY, ETC. NOTE |
| Bibliography, etc. note |
Bibliografía al final de cada capítulo. |
| 504 ## - BIBLIOGRAPHY, ETC. NOTE |
| Bibliography, etc. note |
Índice analítico p.: 1067-1073. |
| 505 ## - FORMATTED CONTENTS NOTE |
| Title |
Procedimientos y monitorización en el enfermo crítico y emergencias -- |
| -- |
Emergencias en el ámbito prehospitalario -- |
| -- |
Atención a las diversas patologías en la unidad de cuidados intensivos -- |
| -- |
Otras consideraciones en la atención al enfermo crítico y emergencias |
| 650 14 - SUBJECT ADDED ENTRY--TOPICAL TERM |
| Topical term or geographic name entry element |
Medicina de emergencia |
| 9 (RLIN) |
432 |
| 650 14 - SUBJECT ADDED ENTRY--TOPICAL TERM |
| 9 (RLIN) |
445 |
| Topical term or geographic name entry element |
Terapia intensiva |
| 700 1# - ADDED ENTRY--PERSONAL NAME |
| 9 (RLIN) |
2234 |
| Personal name |
Nicolás, José María |
| 700 1# - ADDED ENTRY--PERSONAL NAME |
| 9 (RLIN) |
2235 |
| Personal name |
Ruiz, Javier |
| 700 1# - ADDED ENTRY--PERSONAL NAME |
| 9 (RLIN) |
2236 |
| Personal name |
Jiménez, Xavier |
| 942 ## - ADDED ENTRY ELEMENTS (KOHA) |
| Source of classification or shelving scheme |
|
| Koha item type |
Libros |
| Edition |
22 |